[Event "CHI BioBio Region-ch U18"]
[Site "Los Angeles"]
[Date "2015.07.21"]
[Round "4.1"]
[White "Poblete Moena, Evelyn"]
[Black "Munoz Moya, William"]
[Result "1/2-1/2"]
[WhiteElo "1085"]
[BlackElo "1417"]
[PlyCount "50"]
[EventDate "2015.07.20"]
[EventType "tourn"]
[EventRounds "9"]
[EventCountry "CHI"]
[SourceTitle "EXT 2024"]
[Source "ChessBase"]
[SourceDate "2023.10.10"]
[SourceVersion "1"]
[SourceVersionDate "2023.10.10"]
[SourceQuality "1"]

1. d4 g6 2. Bf4 Bg7 3. Nf3 Nf6 4. e3 d6 5. Bd3 0-0 6. h3 Nbd7 7. c3 b6 8. Nbd2 Bb7 9. 0-0 c5 10. Re1 cxd4 11. exd4 Bd5 12. Bc2 Re8 13. Ba4 Qc7 14. Bxd7 Qxd7 15. Qc2 Be6 16. Nh4 h6 17. Bh2 Qc6 18. Ne4 g5 19. Nxf6+ exf6 20. Nf5 Bxf5 21. Qxf5 Rxe1+ 22. Rxe1 Re8 23. Rxe8+ Qxe8 24. Bxd6 Qa4 25. Ba3 Qc4 1/2-1/2